000 00588nam a2200181Ia 4500
008 100920s9999 xx 000 0 und d
082 _b5837
_a891.43 0
100 _aइंन्द्र विद्यावाचस्पती.
245 _aरघुवंश.
260 _bराजपाल एण्ड सन्स ,कश्मीरी गेट, दिल्ली.
_c0
300 _a186
_bसाधी
365 _b3
520 _aहिंदी.
630 _aरघुवंश.
650 _aहिंदी.
730 _aरघुवंश.
942 _cBOOK
999 _c674606
_d674603